New York Mets All Time Stat Leaders - Statistics

General Stats
  • This quiz has been taken 212 times
  • The average score is 11 of 15
Answer Stats
Stat Categories Team Record Players % Correct
Most Wins 198 Wins Tom Seaver
100%
Most Strikeouts 2541 K's Tom Seaver
89%
Most Completed Games 171 CG Tom Seaver
88%
Most Shutouts 44 SHO Tom Seaver
88%
Lowest ERA 2.57 ERA Tom Seaver
87%
Most Home runs 252 HR Darryl Strawberry
81%
Most Hits 1777 Hits David Wright
79%
Most Doubles 390 Doubles David Wright
77%
Most Stolen Bases 408 SB Jose Reyes
77%
Most RBI's 970 RBI David Wright
75%
Most Walks 762 BB David Wright
72%
Most Triples 113 Triples Jose Reyes
71%
Most Saves 276 Saves John Franco
68%
Most Losses 137 Losses Jerry Koosman
53%
Highest Batting Average .315 BA John Olerud
41%
No matching quizzes found
Score Distribution
Percent of People with Each Score
Percentile by Number Answered
Your Score History
You have not taken this quiz